The Tetra encyclopedia of freshwater tropical aquarium fishes

保存先:
書誌詳細
第一著者: Mills, Dick
フォーマット: 図書
言語:Undetermined
出版事項: Blacksburg Tetra Press 1982
主題:
タグ: タグ追加
タグなし, このレコードへの初めてのタグを付けませんか!
Thư viện lưu trữ: Trung tâm Học liệu Trường Đại học Cần Thơ
LEADER 00552nam a2200181Ia 4500
001 CTU_126920
008 210402s9999 xx 000 0 und d
082 |a 639.344 
082 |b M657 
100 |a Mills, Dick 
245 4 |a The Tetra encyclopedia of freshwater tropical aquarium fishes 
245 0 |c Dick Mills , Gwynne Vevers ; Consultant : Douglas G. Campbell 
260 |a Blacksburg 
260 |b Tetra Press 
260 |c 1982 
650 |a Tropical fish,Aquariums 
904 |i Giang 
980 |a Trung tâm Học liệu Trường Đại học Cần Thơ